kku e-library facility

Mobile computing (Record no. 143)

MARC details
000 -LEADER
fixed length control field 00352nam a2200133 4500
005 - DATE AND TIME OF LATEST TRANSACTION
control field 20260120125437.0
008 - FIXED-LENGTH DATA ELEMENTS--GENERAL INFORMATION
fixed length control field 260120b |||||||| |||| 00| 0 eng d
020 ## - INTERNATIONAL STANDARD BOOK NUMBER
International Standard Book Number 9789352691135
100 ## - MAIN ENTRY--PERSONAL NAME
Personal name Jain Amit
245 ## - TITLE STATEMENT
Title Mobile computing
Statement of responsibility, etc. /Amit Jain
260 ## - PUBLICATION, DISTRIBUTION, ETC.
Place of publication, distribution, etc. New Delhi;
Name of publisher, distributor, etc. Random Publications;
Date of publication, distribution, etc. 2019.
300 ## - PHYSICAL DESCRIPTION
Extent vi,245.;ill.
Dimensions 24cm
942 ## - ADDED ENTRY ELEMENTS (KOHA)
Source of classification or shelving scheme Library of Congress Classification
Suppress in OPAC No
Koha item type Books

No items available.

©2025 All rights reserved. KKU